Malaysian taxation : Administrative & technical aspects

Bibliographic Details
Main Author: Veerinderjet Singh (Author)
Format: Book
Language:English
Published: Petaling Jaya : Longman Malaysia 1994
Edition:Second edition
Subjects:

MARC

LEADER 00000cam a2200000 7i4500
001 0000000820
005 20240919.0
008 991124 my a eng
020 |a 9837405074 
040 |a INS   |b eng   |e rda 
090 0 0 |a KPG2905.6   |b V44 1994 
100 0 |a Veerinderjet Singh ,   |e author 
245 1 0 |a Malaysian taxation :   |b Administrative & technical aspects   |c by Veerinderjeet Singh 
250 |a Second edition 
264 1 |a Petaling Jaya :   |b Longman Malaysia   |c 1994 
300 |a xxi, 978 pages :   |b illustrations ;   |c 24 cm. 
336 |a text  |2 rdacontent 
337 |a unmediated  |2 rdamedia 
338 |a volume  |2 rdacarrier 
500 |a Includes index 
650 0 |a Taxation   |z Malaysia 
999 |a 0000006603   |b BOOK   |c Open Shelf   |e Default branch